1204 1664 1255 1729 1606 1721 1700 1507 1715 1318 1781 1308 1796 1322 1939 1794 1171 1744 1299 1764 1680 1631 1534 1690 1190 1129 1487 1047 1314 1203 1145 1395 1455 1743 1612 1659 1992 1671 1427 1775 1369 1587 1341 1139 1004 1909 1339 1466 1443 1548 1715 1345 1495 1231 1377 1540 1910 1603 1762 1907 1084 1916 1118 1217 1590 1615 1972 1011 1977 1389 1248 1099 1055 1409 1444 1583 1131 1952 1881 1812 1935 1777 1387 1373 1030 1716 1692 1437 1517 1564 1163 1488 1647 1544 1609 1999 1783 1450 1563 BCNSPRNW ULIB Ver.6.0+V

เปลี่ยนเป็นภาษาไทย

Change to English
 แสดงรายละเอียดบรรณานุกรม
  กลับหน้าหลัก

Brief Record : Get Marc (ISO 2709) : E-mail record : QR code < ปิดหน้าต่าง
LEADER : 00000nam 2200000uu 4500
001    13399122332
003     ULIB
008    130213s2555||||th 000 0 tha d
099    ^aวจ.WB537^bส984ก
100    ^aโสภา ลี้ศิริวัฒกุล, คณิสร แก้วดง และวิภารัตน์ ภิบาลวงษ์
245    ^aการเปรียบเทียบประสิทธิผลของการนวดเพื่อผ่อนคลายแบบนวดโดยใช้น้ำมันไพลกับนวดดั้งเดิมในผู้ที่มีปัญหาปวดไหล่ และคอ /^cโดยโสภา ลี้ศิริวัฒกุล, คณิสร แก้วดง และวิภารัตน์ ภิบาลวงษ์
260    ^aจันทบุรี :^bวิทยาลัยพยาบาลนี พระปกเกล้า จันทบุรี,^c2555
300    ^a57 แผ่น
650    ^aการนวด
650    ^aการนวด^xปวดไหล่
700    ^aคณิสร แก้วดง,^eผู้วิจัยร่วม
700    ^aวิภารัตน์ ภิบาลวงษ์,^eผู้วิจัยร่วม
945    ^p0^l0^i033574
999    ^aเกษร โพธิ์สุวรรณ
รายการนี้ยังไม่มีแท็ก
คุณยังไม่ได้ล็อกอิน คุณสามารถมีกิจกรรมร่วมกับเว็บไซต์ได้ แต่ต้องล็อกอินก่อน ::
  ล็อกอิน

รายการสื่อสารสนเทศ

ลำดับที่ ประเภท เลขเรียก/บาร์โค้ด สถานที่ สถานะ
1. งานวิจัย
งานวิจัย
วจ.WB537 ส984ก  
  Barcode: 033574
ห้องสมุดวิทยาเขตสวรรค์ประชารักษ์
►วิจัย
บนชั้น

รายการใกล้เคียง
    หัวเรื่อง [การนวด]

BibComment


ยังไม่เคยถูกคอมเมนท์

คอมเมนท์ทรัพยากรรายการนี้
  คอมเมนท์: การเปรียบเทียบปร..


 Copyright 2026. Bcnsprnw @Library